Города Бельгии по населению - Statistics

General Stats
  • This quiz has been taken 15 times
  • The average score is 8 of 32
Answer Stats
Место Население Город % Correct
4 198 314 Брюссель
100%
1 562 002 Антверпен
92%
5 197 323 Льеж
83%
8 120 283 Брюгге
83%
2 272 657 Гент
67%
24 68 058 Генк
58%
3 205 763 Шарлеруа
50%
7 128 724 Андерлехт
42%
22 72 817 Остенде
42%
16 89 655 Мехелен
33%
9 115 029 Намюр
25%
17 87 927 Беверен-Крюйбеке-Звейндрехт
25%
12 97 120 Монс
17%
21 80 776 Кортрейк
17%
10 104 906 Левен
8%
14 90 249 Хасселт
8%
23 68 991 Турне
8%
26 64 609 Серен
8%
30 56 127 Вервье
8%
31 54 390 Жет
8%
32 50 606 Локерен
8%
6 129 775 Шаарбеэк
0%
11 98 713 Моленбеэк
0%
13 92 131 Алст
0%
15 89 897 Иксель
0%
18 87 194 Юккель
0%
19 82 661 Синт-Никлас
0%
20 81 674 Ла Лувьер
0%
25 66 888 Рузеларе
0%
27 60 956 Волюв-Сен-Ламбер
0%
28 60 304 Мускрон
0%
29 58 675 Форест
0%
No matching quizzes found
Score Distribution
Percent of People with Each Score
Percentile by Number Answered
Your Score History
You have not taken this quiz